[Event "CHN League Men 2019"]
[Site "Daqing CHN"]
[Date "2019.06.21"]
[Round "3.1"]
[Board "2"]
[White "Li, Chao b"]
[Black "Zhao, Jun"]
[Result "1/2-1/2"]
[WhiteTitle "GM"]
[BlackTitle "GM"]
[WhiteElo "2698"]
[BlackElo "2625"]
[WhiteTeam "Beijing"]
[BlackTeam "Shandong"]
[WhiteFideId "8604436"]
[BlackFideId "8602522"]
[EventDate "2019.06.19"]
[EventType "team"]

1. d4 Nf6 2. c4 e6 3. Nc3 Bb4 4. Qc2 c5 5. dxc5 O-O 6. Nf3 Na6 7. g3 Nxc5 8. Bg2
b6 9. O-O Bb7 10. Nb5 Be4 11. Qd1 Nb7 12. Bf4 a6 13. Nd6 Bxd6 14. Bxd6 Nxd6 15.
Qxd6 Qb8 16. Rfd1 Rc8 17. Ne5 Bxg2 18. Kxg2 Rc7 19. f3 Ne8 20. Qe7 d5 21. Nd7
Nf6 22. Nxf6+ gxf6 23. Qxf6 Rxc4 24. Qg5+ Kh8 25. Rac1 Qg8 26. Qe3 b5 27. b3
Rcc8 28. Qb6 h6 29. Rxc8 Qxc8 30. Qe3 Kg7 31. Rd4 Qf8 32. a4 bxa4 33. Rxa4 Qe7
34. Qc3+ Kh7 35. Qc6 Ra7 36. Qc8 Qb7 37. Qc2+ f5 38. Ra5 Qb6 39. Rc5 a5 40. g4
Rf7 41. h3 h5 42. e3 Kh6 43. Qc3 fxg4 44. hxg4 hxg4 45. Rc6 gxf3+ 46. Kf2 Qb8
47. Rxe6+ Kg5 48. Qe5+ Qxe5 49. Rxe5+ Rf5 50. Re7 Kg4 1/2-1/2

[Event "CHN League Men 2019"]
[Site "Daqing CHN"]
[Date "2019.06.21"]
[Round "3.1"]
[Board "3"]
[White "Wen, Yang"]
[Black "Xiu, Deshun"]
[Result "1/2-1/2"]
[WhiteTitle "GM"]
[BlackTitle "GM"]
[WhiteElo "2588"]
[BlackElo "2538"]
[WhiteTeam "Shandong"]
[BlackTeam "Beijing"]
[WhiteFideId "8602956"]
[BlackFideId "8603693"]
[EventDate "2019.06.19"]
[EventType "team"]

1. e4 c6 2. Nc3 d5 3. Nf3 dxe4 4. Nxe4 Nf6 5. Qe2 Nxe4 6. Qxe4 Qa5 7. b4 Qd5 8.
Qe3 Bf5 9. c4 Qe4 10. Bb2 e6 11. Bc3 Nd7 12. Be2 Be7 13. d3 Qxe3 14. fxe3 Bf6
15. Kd2 Rd8 16. Bxf6 Nxf6 17. Kc3 O-O 18. Rhe1 h6 19. a4 Bh7 20. a5 a6 21. Bf1
Nd7 22. e4 e5 23. g3 Rfe8 24. Bh3 Nf8 25. Nd2 Ne6 26. Bxe6 Rxe6 27. Nb3 Re7 28.
Nc5 f6 29. Rab1 Bg6 30. Kd2 Bf7 31. Ke3 Rc7 32. g4 Rd6 33. Rg1 Be6 34. h4 g5 35.
Kf3 Bc8 36. Rh1 Rh7 37. Kg3 Rg7 38. Kf3 Rh7 39. Rbf1 Rg7 40. h5 Rc7 41. Rhg1 Kf7
42. Ke3 Be6 43. Rb1 Ke7 44. Rb3 Bc8 45. Rb2 Kf7 46. Rd2 Be6 47. Rgg2 Ke7 48. Rg1 1/2-1/2

[Event "CHN League Men 2019"]
[Site "Daqing CHN"]
[Date "2019.06.21"]
[Round "3.1"]
[Board "4"]
[White "Yuan, Qingyu"]
[Black "Liu, Qingnan"]
[Result "1-0"]
[BlackTitle "GM"]
[WhiteElo "2355"]
[BlackElo "2551"]
[WhiteTeam "Beijing"]
[BlackTeam "Shandong"]
[WhiteFideId "8609772"]
[BlackFideId "8603294"]
[EventDate "2019.06.19"]
[EventType "team"]

1. Nf3 g6 2. d4 Bg7 3. e4 d6 4. Bc4 e6 5. O-O b6 6. a4 Ne7 7. a5 Bb7 8. d5 e5 9.
Bb5+ Nd7 10. c4 O-O 11. b4 h6 12. Nc3 f5 13. Nd2 Nf6 14. c5 a6 15. c6 Bc8 16.
axb6 cxb6 17. Qe2 Kh7 18. Rd1 fxe4 19. Ndxe4 Nf5 20. Nxf6+ Qxf6 21. Ne4 Qh4 22.
g3 Qe7 23. Bc4 Ra7 24. Be3 Nd4 25. Bxd4 exd4 26. Ra3 b5 27. Ba2 Bf5 28. Re1 Qd8
29. Bb1 Ra8 30. Bd3 Re8 31. Qa2 Qb6 32. Re2 Bg4 33. Nxd6 Rf8 34. Re4 Bh3 35. Rh4
Qd8 36. Bxg6+ Kxg6 37. Qc2+ Kf6 38. Rf3+ Ke7 39. Qc5 Rxf3 40. Nb7+ Kf7 41. Nxd8+
Rxd8 42. Rxh3 d3 43. c7 Rc8 44. d6 1-0

[Event "CHN League Men 2019"]
[Site "Daqing CHN"]
[Date "2019.06.21"]
[Round "3.2"]
[Board "2"]
[White "Li, Di"]
[Black "Lin, Chen"]
[Result "1-0"]
[WhiteTitle "IM"]
[BlackTitle "GM"]
[WhiteElo "2535"]
[BlackElo "2497"]
[WhiteTeam "Chengdu"]
[BlackTeam "Jiangsu"]
[WhiteFideId "8607508"]
[BlackFideId "8602298"]
[EventDate "2019.06.19"]
[EventType "team"]

1. e4 c6 2. d4 d5 3. f3 e6 4. Nc3 Bb4 5. Bf4 Ne7 6. Ne2 O-O 7. a3 Ba5 8. h4 Nd7
9. h5 c5 10. h6 cxd4 11. hxg7 Re8 12. Qxd4 Ng6 13. Bh6 dxe4 14. Qxe4 Nf6 15. Qc4
e5 16. Bg5 Be6 17. Qa4 b5 18. Qxb5 Rb8 19. Qa4 Kxg7 20. Rd1 Qc7 21. b4 Bb6 22.
Bxf6+ Kxf6 23. Rxh7 Red8 24. Ne4+ Ke7 25. c3 Be3 26. g4 Rxd1+ 27. Qxd1 Rd8 28.
Qc2 Qc6 29. N2g3 Nf4 30. Nf5+ Bxf5 31. gxf5 Qd5 32. f6+ Kd7 33. Qd1 1-0

[Event "CHN League Men 2019"]
[Site "Daqing CHN"]
[Date "2019.06.21"]
[Round "3.3"]
[Board "1"]
[White "Dai, Changren"]
[Black "Lu, Shanglei"]
[Result "1-0"]
[WhiteTitle "IM"]
[BlackTitle "GM"]
[WhiteElo "2480"]
[BlackElo "2624"]
[WhiteTeam "Tianjin"]
[BlackTeam "Zhejiang"]
[WhiteFideId "8608156"]
[BlackFideId "8603332"]
[EventDate "2019.06.19"]
[EventType "team"]

1. e4 e6 2. d4 d5 3. Nc3 dxe4 4. Nxe4 Nd7 5. Nf3 Ngf6 6. Bd3 c5 7. Nxf6+ Nxf6 8.
Be3 Nd5 9. Ne5 a6 10. Qf3 Qf6 11. Qg3 h6 12. dxc5 Nxe3 13. Qxe3 g5 14. g3 Bg7
15. f4 gxf4 16. gxf4 Qh4+ 17. Qg3 Qxg3+ 18. hxg3 Rg8 19. Bh7 Bxe5 20. Bxg8 Bxb2
21. Rd1 Bg7 22. Kf2 Ke7 23. Rhe1 a5 24. Rd3 a4 25. Red1 Ra5 26. c6 bxc6 27. Rd8
Ra8 28. Bh7 c5 29. Be4 Rb8 30. R1d7+ Bxd7 31. Rxb8 a3 32. Rb6 Bd4+ 33. Ke2 f5
34. Bc6 Bc8 35. Bb5 Kd8 36. Bc4 Kc7 37. Rb3 Bb2 38. Kd2 Kd6 39. Rd3+ Ke7 40. c3
Bd7 41. Re3 Kd6 42. Re1 h5 43. Rh1 Be8 44. Rh2 Bf7 45. Kc2 Ke7 46. Rh1 Kd6 47.
Kb3 Ke7 48. Be2 e5+ 49. Bc4 exf4 50. gxf4 Bg6 51. Re1+ Kf6 52. Re6+ Kg7 53. Kc2
h4 54. Re1 Bh5 55. Rh1 Bf3 56. Rxh4 Be4+ 57. Kd2 Kg6 58. Rh8 Bb1 59. Bd5 Kf6 60.
Rh6+ Ke7 61. Rc6 1-0

[Event "CHN League Men 2019"]
[Site "Daqing CHN"]
[Date "2019.06.21"]
[Round "3.3"]
[Board "4"]
[White "Yu, Lie"]
[Black "Zhao, Zhouqiao CHN"]
[Result "1/2-1/2"]
[WhiteTitle "IM"]
[BlackTitle "FM"]
[WhiteElo "2315"]
[BlackElo "2215"]
[WhiteTeam "Zhejiang"]
[BlackTeam "Tianjin"]
[WhiteFideId "8603715"]
[BlackFideId "8608342"]
[EventDate "2019.06.19"]
[EventType "team"]

1. c4 e5 2. Nc3 Nf6 3. g3 Nc6 4. Bg2 Bb4 5. e4 O-O 6. Nge2 a5 7. O-O Bc5 8. d3
Nd4 9. h3 d6 10. Kh2 c6 11. Be3 Rb8 12. Qd2 Nxe2 13. Nxe2 Bxe3 14. Qxe3 b5 15.
cxb5 Rxb5 16. b3 Rb4 17. Rac1 c5 18. f4 exf4 19. Rxf4 Be6 20. Rc3 Nd7 21. d4
cxd4 22. Nxd4 Qb6 23. Nc6 Qxe3 24. Rxe3 Rb6 25. e5 dxe5 26. Nxe5 Nb8 27. Ra4 Rb5
28. Nc4 Bxc4 29. bxc4 Rc5 30. Re7 g6 31. Ra7 Re5 32. R4xa5 Re2 33. Rb7 Nc6 34.
Ra6 Rd8 35. Kg1 Rd1+ 36. Bf1 Ree1 37. Rxc6 Rxf1+ 38. Kg2 Rg1+ 39. Kf2 Rgf1+ 40.
Kg2 Rg1+ 41. Kf2 Rgf1+ 42. Ke2 Rfe1+ 43. Kf3 Rf1+ 44. Kg2 Rg1+ 1/2-1/2

[Event "CHN League Men 2019"]
[Site "Daqing CHN"]
[Date "2019.06.21"]
[Round "3.4"]
[Board "1"]
[White "Bai, Jinshi"]
[Black "Liu, Yan"]
[Result "1/2-1/2"]
[WhiteTitle "GM"]
[BlackTitle "GM"]
[WhiteElo "2606"]
[BlackElo "2504"]
[WhiteTeam "Shanghai"]
[BlackTeam "Chongqing"]
[WhiteFideId "8602280"]
[BlackFideId "8608962"]
[EventDate "2019.06.19"]
[EventType "team"]

1. d4 Nf6 2. c4 e6 3. Nf3 b6 4. a3 Bb7 5. Nc3 d5 6. Qc2 Be7 7. cxd5 exd5 8. Bf4
a6 9. e3 Bd6 10. Be5 Qe7 11. Bxf6 Qxf6 12. Bd3 h6 13. e4 dxe4 14. Bxe4 Qe6 15.
O-O Bxe4 16. Nxe4 O-O 17. Rfe1 Qd5 18. Nc3 Qh5 19. Ne4 Qd5 20. Rac1 Bf4 21. Rcd1
Nd7 22. Ne5 Nxe5 23. dxe5 Qe6 24. g3 Bxe5 25. f4 Bf6 26. Ng5 Bd4+ 27. Kf1 Qg6
28. Qxg6 fxg6 29. Rxd4 hxg5 30. Re7 Rad8 1/2-1/2

[Event "CHN League Men 2019"]
[Site "Daqing CHN"]
[Date "2019.06.21"]
[Round "3.4"]
[Board "2"]
[White "Wang, Chen"]
[Black "Xu, Yi"]
[Result "1/2-1/2"]
[WhiteTitle "IM"]
[BlackTitle "IM"]
[WhiteElo "2468"]
[BlackElo "2526"]
[WhiteTeam "Chongqing"]
[BlackTeam "Shanghai"]
[WhiteFideId "8601020"]
[BlackFideId "8605564"]
[EventDate "2019.06.19"]
[EventType "team"]

1. e4 e5 2. Nf3 Nf6 3. Nc3 Nc6 4. d4 exd4 5. Nxd4 Bb4 6. Nxc6 bxc6 7. Bd3 O-O 8.
O-O d5 9. exd5 cxd5 10. Bg5 c6 11. Qf3 Bd6 12. Bxf6 Qxf6 13. Qxf6 gxf6 14. Ne2
Rb8 15. b3 Re8 16. Rad1 Bg4 17. f3 Bf5 18. Bxf5 Rxe2 19. Bd3 Re5 20. g3 Bb4 21.
Kg2 a5 22. f4 Re3 23. a4 d4 24. Rf3 Rbe8 25. Rxe3 Rxe3 26. Kf2 c5 27. Be2 Bc3
28. Rd3 Re8 29. Rd1 Re3 30. Rd3 Re8 31. Rd1 1/2-1/2

[Event "CHN League Men 2019"]
[Site "Daqing CHN"]
[Date "2019.06.21"]
[Round "3.5"]
[Board "1"]
[White "Zhang, Ziji"]
[Black "Ma, Qun"]
[Result "1/2-1/2"]
[BlackTitle "GM"]
[WhiteElo "2408"]
[BlackElo "2626"]
[WhiteTeam "Hebei"]
[BlackTeam "Hangzhou"]
[WhiteFideId "8609470"]
[BlackFideId "8603154"]
[EventDate "2019.06.19"]
[EventType "team"]

1. d4 Nf6 2. c4 e6 3. Nf3 d5 4. Nc3 c5 5. cxd5 Nxd5 6. e4 Nxc3 7. bxc3 cxd4 8.
cxd4 Bb4+ 9. Bd2 Bxd2+ 10. Qxd2 O-O 11. Bc4 b6 12. d5 Na6 13. dxe6 fxe6 14. Qe3
Nc5 15. O-O Ba6 16. Bxa6 Nxa6 17. a4 Nc5 18. a5 Qd3 19. Qxd3 Nxd3 20. Rfb1 Rfb8
21. axb6 axb6 22. Rxa8 Rxa8 23. h3 Rb8 24. Nd4 Nc5 25. Nc6 Rb7 26. Nd8 Rd7 27.
Nc6 Rb7 28. Nd8 Rd7 29. Nc6 Nxe4 30. f3 Ng3 31. Kh2 Nf5 32. Rxb6 h5 33. Rb8+ Kh7
34. Rd8 Rc7 35. Nd4 Nxd4 36. Rxd4 1/2-1/2

[Event "CHN League Men 2019"]
[Site "Daqing CHN"]
[Date "2019.06.21"]
[Round "3.5"]
[Board "2"]
[White "Xiang, Zeyu"]
[Black "Peng, Hongchi"]
[Result "1-0"]
[WhiteTitle "IM"]
[WhiteElo "2432"]
[BlackElo "2370"]
[WhiteTeam "Hangzhou"]
[BlackTeam "Hebei"]
[WhiteFideId "8608547"]
[BlackFideId "8609047"]
[EventDate "2019.06.19"]
[EventType "team"]

1. d4 Nf6 2. c4 g6 3. Nc3 Bg7 4. e4 O-O 5. Nf3 d6 6. h3 e5 7. d5 Nh5 8. g3 Na6
9. Be3 f5 10. exf5 gxf5 11. Ng5 Nf6 12. Qd2 Qe7 13. O-O-O h6 14. Nf3 Nc5 15. Rg1
Kh7 16. Be2 a6 17. g4 Nfe4 18. Nxe4 fxe4 19. Qc2 Nd3+ 20. Kb1 Kh8 21. Nd2 Nxf2
22. Rdf1 Nxh3 23. Rxf8+ Qxf8 24. Rf1 Nf4 25. Qxe4 Bd7 26. Bxf4 exf4 27. Bd3 Qg8
28. Rh1 Rf8 29. Nf3 Rf6 30. Nh4 Bf8 31. Ng6+ Rxg6 32. Qxg6 Qxg6 33. Bxg6 Bxg4
34. Rh4 Be2 35. Rxf4 Kg7 36. Be8 Kg8 37. Bf7+ Kg7 38. Be6 Bh5 39. Bc8 Be7 40.
Bxb7 Bg6+ 41. Ka1 a5 42. Bc8 h5 43. Rf3 Bg5 44. a4 Bc2 45. Be6 Bf6 46. Rg3+ Kh6
47. Ka2 h4 48. Rg8 Bd3 49. b3 Bd4 50. Bh3 Bc5 51. Rc8 Kg5 52. Rxc7 Bb4 53. Rg7+
Bg6 54. Rg8 Kf6 55. Kb2 Kg5 56. Rf8 Be4 57. Rg8+ Bg6 58. Rb8 Bc5 59. Kc3 Kf4 60.
Kd2 Bh5 61. Rh8 Bb4+ 62. Kd3 Bg6+ 63. Ke2 Bc2 64. Bd7 Kg3 65. Rg8+ Kh2 66. Rg4
h3 67. Rh4 Kg3 68. Rxh3+ Kf4 69. Bb5 Ke5 70. Rh1 Kd4 71. Rc1 Bxb3 72. Kf3 Kd3
73. Kg3 Kd2 74. Rf1 Bc5 75. Kg4 Kc3 76. Kf5 Bc2+ 77. Ke6 Kb4 78. Ra1 Bd3 79. Rc1
Kb3 80. Kd7 Ba3 81. Rh1 Bc5 82. Rh3 Kc2 83. Kc6 Bf5 84. Rh6 Kb3 85. Rxd6 Bxd6
86. Kxd6 Kc3 87. Kc5 Kd3 88. d6 Ke4 89. d7 1-0

[Event "CHN League Men 2019"]
[Site "Daqing CHN"]
[Date "2019.06.21"]
[Round "3.5"]
[Board "3"]
[White "Yang, Yanqing"]
[Black "Zou, Chen"]
[Result "1/2-1/2"]
[BlackTitle "FM"]
[WhiteElo "1910"]
[BlackElo "2415"]
[WhiteTeam "Hebei"]
[BlackTeam "Hangzhou"]
[WhiteFideId "8613575"]
[BlackFideId "8610959"]
[EventDate "2019.06.19"]
[EventType "team"]

1. e4 c5 2. Nf3 d6 3. Nc3 Nf6 4. d4 cxd4 5. Nxd4 a6 6. Be2 e5 7. Nb3 Be7 8. O-O
O-O 9. Be3 Be6 10. Qd3 Nbd7 11. a4 Qc7 12. Nd5 Bxd5 13. exd5 e4 14. Qd2 Nb6 15.
Bxb6 Qxb6 16. a5 Qc7 17. c4 Nd7 18. Nd4 Bf6 19. Ra3 Rae8 20. b4 Qd8 21. Nf5 Be5
22. f4 exf3 23. Raxf3 Kh8 24. Bd3 g6 25. Qh6 gxf5 26. Bxf5 Nf6 27. Bd3 Ne4 28.
Bxe4 f5 29. Bxf5 Qe7 30. Be6 Bg7 31. Qh5 Rxf3 32. Rxf3 Rf8 33. h3 Rxf3 34. gxf3
Qf6 35. Qe8+ Bf8 36. Kg2 Qb2+ 37. Kg3 Qe5+ 38. f4 Qf6 39. h4 Kg7 40. Qd7+ Kh6
41. Bf5 Be7 42. Qe6 Kg7 43. h5 Qh4+ 44. Kg2 Qf6 45. Kf3 Qc3+ 46. Kg4 Qf6 47.
Qxf6+ Bxf6 48. c5 dxc5 49. bxc5 Bc3 50. Bc8 Bb4 51. Bxb7 Bxc5 52. Bxa6 Bb4 53.
Kf5 Bxa5 54. Ke6 h6 55. Ke7 Bd2 56. f5 Bg5+ 57. Ke6 Kf8 58. Bb5 1/2-1/2

[Event "CHN League Men 2019"]
[Site "Daqing CHN"]
[Date "2019.06.21"]
[Round "3.5"]
[Board "4"]
[White "Lin, Yi"]
[Black "Mi, Tenglong"]
[Result "1-0"]
[WhiteElo "2396"]
[BlackElo "1692"]
[WhiteTeam "Hangzhou"]
[BlackTeam "Hebei"]
[WhiteFideId "8609659"]
[BlackFideId "8623627"]
[EventDate "2019.06.19"]
[EventType "team"]

1. d4 Nf6 2. c4 g6 3. Nc3 d5 4. Bf4 Bg7 5. e3 c5 6. dxc5 Qa5 7. Rc1 dxc4 8. Bxc4
O-O 9. Nf3 Qxc5 10. Bb3 Nc6 11. O-O Qh5 12. h3 e5 13. Bh2 Rd8 14. Qe2 e4 15. Nd4
Nxd4 16. exd4 Qxe2 17. Nxe2 Bd7 18. Rc7 Bb5 19. Bxf7+ Kh8 20. Bc4 Nd5 21. Bxb5
a6 22. Rxg7 Kxg7 23. Be5+ Kf8 24. Bc4 Ne7 25. Nf4 1-0

[Event "CHN League Men 2019"]
[Site "Daqing CHN"]
[Date "2019.06.21"]
[Round "3.6"]
[Board "1"]
[White "Xu, Yinglun"]
[Black "Xie, Jianjun"]
[Result "1-0"]
[WhiteTitle "GM"]
[BlackTitle "FM"]
[WhiteElo "2548"]
[BlackElo "2427"]
[WhiteTeam "Guangdong"]
[BlackTeam "Hunan"]
[WhiteFideId "8604940"]
[BlackFideId "8600953"]
[EventDate "2019.06.19"]
[EventType "team"]

1. d4 f5 2. c4 Nf6 3. Nf3 e6 4. Bf4 b6 5. e3 Bb7 6. Bd3 Bb4+ 7. Nbd2 O-O 8. O-O
Ne4 9. h3 Bxd2 10. Nxd2 Nxd2 11. Qxd2 d6 12. Rae1 h6 13. Bh2 Qg5 14. f3 Nd7 15.
Qc2 Qf6 16. Kh1 e5 17. f4 e4 18. Be2 c5 19. Rd1 Rfd8 20. Bg3 cxd4 21. Rxd4 Nc5
22. Rfd1 Qg6 23. Bh4 Rd7 24. g4 Nd3 25. gxf5 Qf7 26. Kh2 Re8 27. Rg1 Kh8 28. b3
d5 29. Qd1 Qxf5 30. Bg4 Qf7 31. Bxd7 Qxd7 1-0

[Event "CHN League Men 2019"]
[Site "Daqing CHN"]
[Date "2019.06.21"]
[Round "3.6"]
[Board "2"]
[White "Shen, Siyuan"]
[Black "Li, Shilong"]
[Result "1-0"]
[WhiteTitle "IM"]
[BlackTitle "GM"]
[WhiteElo "2334"]
[BlackElo "2482"]
[WhiteTeam "Hunan"]
[BlackTeam "Guangdong"]
[WhiteFideId "8602832"]
[BlackFideId "8600678"]
[EventDate "2019.06.19"]
[EventType "team"]

1. e4 c6 2. d4 d5 3. exd5 cxd5 4. Bd3 Nc6 5. c3 Nf6 6. Bf4 g6 7. Nf3 Bg7 8. O-O
Bg4 9. Nbd2 O-O 10. h3 Bxf3 11. Nxf3 Rc8 12. Re1 e6 13. Ne5 Nxe5 14. Bxe5 Nd7
15. Bg3 Nb6 16. Qb3 Qe7 17. a4 Nc4 18. a5 Qd7 19. Ra4 Qc6 20. Rea1 Nd2 21. Qc2
Ne4 22. Bf4 Rfe8 23. Rb4 Nd6 24. Bxd6 Qxd6 25. Rxb7 Bxd4 26. Qa4 Bf6 27. Rxa7
Red8 28. Rb7 e5 29. Rb6 Qe7 30. Qb4 e4 31. Qxe7 Bxe7 32. Ba6 Rc7 33. Rb7 Rdd7
34. Rb8+ Rd8 35. Rxd8+ Bxd8 36. Rd1 Rc5 37. Bb7 Rxa5 38. Bxd5 Bb6 39. Bxe4 Rc5 1-0

[Event "CHN League Men 2019"]
[Site "Daqing CHN"]
[Date "2019.06.21"]
[Round "3.6"]
[Board "3"]
[White "Zhao, Chenxi"]
[Black "Li, Bo"]
[Result "1/2-1/2"]
[BlackTitle "IM"]
[WhiteElo "2383"]
[BlackElo "2330"]
[WhiteTeam "Guangdong"]
[BlackTeam "Hunan"]
[WhiteFideId "8611513"]
[BlackFideId "8602786"]
[EventDate "2019.06.19"]
[EventType "team"]

1. e4 c5 2. Nf3 Nc6 3. Bb5 g6 4. Bxc6 dxc6 5. d3 Bg7 6. Nc3 Nf6 7. h3 O-O 8. Be3
Qa5 9. O-O Rd8 10. Nd2 b6 11. Qe2 Nh5 12. e5 Bh8 13. a3 Qa6 14. Bg5 Re8 15. Bh6
Ng7 16. Bxg7 Bxg7 17. f4 Be6 18. Nde4 c4 19. d4 Rad8 20. Rad1 Qc8 21. Ng5 f5 22.
Nxe6 Qxe6 23. Qf3 Qc8 24. Qe2 b5 25. g4 e6 26. gxf5 gxf5 27. Qf3 Kh8 28. Kh1 Rg8
29. Rg1 Qb7 30. Ne2 Bh6 31. b3 cxb3 32. cxb3 Qd7 33. Rc1 Rxg1+ 34. Rxg1 Rg8 35.
Rc1 Rc8 36. b4 Bf8 37. Kh2 Be7 38. Rg1 Rg8 39. Rc1 Rc8 40. Qh5 Rg8 41. Qf7 Rg7
42. Qh5 Rg8 43. Qf3 Rc8 1/2-1/2

[Event "CHN League Men 2019"]
[Site "Daqing CHN"]
[Date "2019.06.21"]
[Round "3.7"]
[Board "2"]
[White "Bao, Qilin"]
[Black "Chen, KaiLin"]
[Result "1-0"]
[WhiteTitle "IM"]
[WhiteElo "2412"]
[BlackElo "2073"]
[WhiteTeam "Heilongjiang"]
[BlackTeam "Wuxi"]
[WhiteFideId "8605750"]
[BlackFideId "8620954"]
[EventDate "2019.06.19"]
[EventType "team"]

1. Nf3 d5 2. g3 Nf6 3. Bg2 e6 4. c4 Be7 5. O-O O-O 6. d4 dxc4 7. Qc2 a6 8. a4
Bd7 9. Rd1 Bc6 10. Nc3 Bxf3 11. Bxf3 c6 12. a5 Nbd7 13. Qa4 Bd6 14. Qxc4 Qe7 15.
Bg5 h6 16. Bxf6 Nxf6 17. e3 Rfd8 18. Na4 Rab8 19. Bg2 Bb4 20. Nc3 Bd6 21. Na2
Bc7 22. Nb4 e5 23. d5 Bd6 24. dxc6 Bxb4 25. c7 Rxd1+ 26. Rxd1 Rc8 27. Rd8+ Rxd8
28. cxd8=Q+ Qxd8 29. Qxb4 Qd1+ 30. Bf1 Qc2 31. Qxb7 Ne4 32. Be2 Nc5 33. Qc8+ Kh7
34. Bf1 1-0

[Event "CHN League Men 2019"]
[Site "Daqing CHN"]
[Date "2019.06.21"]
[Round "3.7"]
[Board "3"]
[White "Zhao, Juncheng"]
[Black "Qu, Yanqiao"]
[Result "1/2-1/2"]
[WhiteElo "1998"]
[BlackElo "2140"]
[WhiteTeam "Wuxi"]
[BlackTeam "Heilongjiang"]
[WhiteFideId "8609489"]
[BlackFideId "8603944"]
[EventDate "2019.06.19"]
[EventType "team"]

1. e4 c5 2. c3 Nf6 3. e5 Nd5 4. d4 cxd4 5. Nf3 Nc6 6. cxd4 d6 7. Bc4 Nb6 8. Bb5
d5 9. Nc3 Bf5 10. O-O e6 11. a3 Be7 12. Bd3 Bxd3 13. Qxd3 O-O 14. Ne2 Rc8 15. h4
Bxh4 16. g3 Be7 17. Kg2 f5 18. exf6 gxf6 19. Nf4 Qd7 20. Re1 Nd8 21. Bd2 Nc4 22.
Bc3 Bd6 23. Nh5 Qf7 24. Rh1 Rc7 25. Rh4 Qg6 26. Qe2 Kh8 27. Rah1 Rg8 28. Qe1 Rf8
29. R1h3 Rff7 30. Qh1 1/2-1/2

[Event "CHN League Men 2019"]
[Site "Daqing CHN"]
[Date "2019.06.21"]
[Round "3.7"]
[Board "4"]
[White "Hou, Yifan b"]
[Black "Xie, Kaifan"]
[Result "1-0"]
[BlackTitle "CM"]
[WhiteElo "1932"]
[BlackElo "1969"]
[WhiteTeam "Heilongjiang"]
[BlackTeam "Wuxi"]
[WhiteFideId "8619492"]
[BlackFideId "8619107"]
[EventDate "2019.06.19"]
[EventType "team"]

1. d4 Nf6 2. Nf3 e6 3. c4 c5 4. g3 cxd4 5. Nxd4 d5 6. Bg2 e5 7. Nf3 d4 8. O-O
Nc6 9. e3 Be7 10. exd4 exd4 11. Bf4 O-O 12. Ne5 Qb6 13. b3 Bf5 14. Nd2 Bb4 15.
a3 Bc3 16. Ra2 Rfe8 17. Nxc6 bxc6 18. Nb1 Bg4 19. Qc1 Be2 20. Rxe2 Rxe2 21. Nxc3
dxc3 22. Qxc3 Rd8 23. Be3 Qb7 24. Ra1 Qe7 25. Bf3 Rxe3 26. Qxe3 Qxe3 27. fxe3 c5
28. b4 Rc8 29. b5 Kf8 30. a4 Rc7 31. a5 Nd7 32. Bc6 Nb8 33. Bd5 Nd7 34. Kf2 Ke7
35. Kf3 f6 36. Kf4 Rc8 37. b6 axb6 38. a6 b5 39. a7 Nb6 40. a8=Q Nxa8 41. Rxa8
Rxa8 42. Bxa8 1-0

[Event "CHN League Men 2019"]
[Site "Daqing CHN"]
[Date "2019.06.21"]
[Round "3.8"]
[Board "1"]
[White "Fang, Yuxiang"]
[Black "Song, Yuchen"]
[Result "1-0"]
[WhiteTitle "GM"]
[WhiteElo "2463"]
[BlackElo "1512"]
[WhiteTeam "Shanxi"]
[BlackTeam "Harbin"]
[WhiteFideId "8605840"]
[BlackFideId "8630364"]
[EventDate "2019.06.19"]
[EventType "team"]

1. d4 Nf6 2. Bf4 g6 3. Nc3 Bg7 4. e4 d6 5. Qd2 O-O 6. Bh6 e5 7. Bxg7 Kxg7 8. Nf3
Nc6 9. d5 Ne7 10. h4 h5 11. Ng5 c6 12. dxc6 bxc6 13. O-O-O d5 14. f4 Bg4 15. Be2
Bxe2 16. Nxe2 Nxe4 17. Nxe4 dxe4 18. Qc3 Qc7 19. fxe5 Nd5 20. Rxd5 Qb6 21. e6+
Kh6 22. Rd7 Qf2 23. Nd4 fxe6 24. Nf5+ gxf5 25. Qg7# 1-0

[Event "CHN League Men 2019"]
[Site "Daqing CHN"]
[Date "2019.06.21"]
[Round "3.8"]
[Board "2"]
[White "Chen, Junyu"]
[Black "Zhou, Yibo"]
[Result "0-1"]
[WhiteElo "1232"]
[BlackElo "1934"]
[WhiteTeam "Harbin"]
[BlackTeam "Shanxi"]
[WhiteFideId "8631042"]
[BlackFideId "8610967"]
[EventDate "2019.06.19"]
[EventType "team"]

1. d4 Nf6 2. c4 e6 3. g3 d5 4. Bg2 Be7 5. Nf3 O-O 6. O-O dxc4 7. Qc2 a6 8. a4 c5
9. Rd1 Nc6 10. dxc5 Qa5 11. Qxc4 Qxc5 12. Na3 e5 13. Be3 Qa5 14. Bd2 Qb6 15. Bc3
Be6 16. Qd3 e4 17. Qd2 exf3 18. Bxf3 Rfd8 19. Qf4 Nd5 20. Nc4 Qb3 21. Bxd5 Rxd5
22. Nd2 Qb6 23. e4 Rd3 24. Nf3 Rxd1+ 25. Rxd1 Rd8 26. Ra1 0-1

[Event "CHN League Men 2019"]
[Site "Daqing CHN"]
[Date "2019.06.21"]
[Round "3.9"]
[Board "1"]
[White "Wu, Wenda"]
[Black "Lin, Haoyang"]
[Result "1/2-1/2"]
[WhiteElo "1735"]
[BlackElo "1713"]
[WhiteTeam "Ningbo"]
[BlackTeam "Qingdao"]
[WhiteFideId "8618615"]
[BlackFideId "8625921"]
[EventDate "2019.06.19"]
[EventType "team"]

1. d4 d6 2. e4 e5 3. dxe5 dxe5 4. Qxd8+ Kxd8 5. Bc4 f6 6. Be3 Nd7 7. Nc3 Bc5 8.
Bxc5 Nxc5 9. O-O-O+ Nd7 10. Nf3 c6 11. Rd3 Kc7 12. Rhd1 Nb6 13. Bb3 Ne7 14. a4
a5 15. Nd2 Nd7 16. Rg3 g6 17. h4 Nc5 18. h5 Be6 19. Bxe6 Nxe6 20. hxg6 hxg6 21.
Ne2 Rad8 22. Nb3 Rxd1+ 23. Kxd1 b6 24. Kd2 Rh4 25. f3 f5 26. Kd3 f4 27. Rh3 g5
28. Ng1 Ng6 29. Ke2 Kd6 30. Nd2 Nd4+ 31. Kd3 b5 32. axb5 cxb5 33. c3 Ne6 34. Nb3
Nc5+ 35. Nxc5 Kxc5 1/2-1/2